| 000 | 02887cam a2200409Ia 4500 | ||
|---|---|---|---|
| 001 | 50729 | ||
| 005 | 20230411090005.0 | ||
| 008 | 070417r2006 nyuab b 001 0 eng d | ||
| 035 | _a(OCoLC)ocn123169001 | ||
| 040 |
_aGO3 _cGO3 _dBAKER _dYDXCP _dBTCTA _dIUI _dVP@ |
||
| 020 | _a9780143111979 | ||
| 020 | _a0143111973 | ||
| 029 | 1 |
_aYDXCP _b2377768 |
|
| 029 | 1 |
_aNLGGC _b30270860X |
|
| 035 | _a(OCoLC)123169001 | ||
| 043 | _an-us-ma | ||
| 082 | 0 | 4 |
_a973.2/2 _222 |
| 049 | _aGRAL | ||
| 100 | 1 | _aPhilbrick, Nathaniel. | |
| 245 | 1 | 0 |
_aMayflower : _ba story of courage, community, and war / _cNathaniel Philbrick. |
| 260 |
_aNew York : _bPenguin Books, _c2006 |
||
| 300 |
_axv, 463 p. : _bill., maps ; _c21 cm. |
||
| 500 | _aFirst published in the United States of America by Viking Penguin, 2006. | ||
| 504 | _aIncludes bibliographical references (p. [417]-445) and index. | ||
| 520 | _aFrom the perilous ocean crossing to the shared bounty of the first Thanksgiving, the Pilgrim settlement of New England has become enshrined as our most sacred national myth. Yet, as author Philbrick reveals, the true story of the Pilgrims is much more than the well-known tale of piety and sacrifice; it is a 55-year epic. The Mayflower's religious refugees arrived in Plymouth Harbor during a period of crisis for Native Americans, as disease spread by European fishermen devastated their populations. Initially the two groups maintained a fragile working relationship. But within decades, New England erupted into King Philip's War, a savage conflict that nearly wiped out colonists and natives alike, and forever altered the face of the fledgling colonies and the country that would grow from them. Philbrick has fashioned a fresh portrait of the dawn of American history--dominated right from the start by issues of race, violence, and religion.--From publisher description. | ||
| 505 | 0 | _aDiscovery: 1. They knew they were pilgrims -- 2. Dangerous shoals and roaring breakers -- 3. Into the void -- 4. Beaten with their own rod -- 5. The heart of the winter -- 6. In the dark and dismal swamp -- 7. Thanksgiving -- Accommodation: 8. The wall -- 9. A ruffling course -- Community: -- 10. One small candle -- 11. The ancient mother -- 12. The trial -- War: 13. Kindling the flame -- 14. The god of armies -- 15. In a strange way -- 16. The better side of the hedge -- Epilogue : Conscience. | |
| 650 | 0 | _aPilgrims (New Plymouth Colony) | |
| 651 | 0 |
_aMassachusetts _xHistory _yNew Plymouth, 1620-1691. |
|
| 600 | 1 | 0 |
_aBradford, William, _d1590-1657. |
| 600 | 1 | 0 |
_aChurch, Benjamin, _d1639-1718. |
| 650 | 0 |
_aIndians of North America _xWars _y1600-1750. |
|
| 938 |
_aBaker & Taylor _bBKTY _c16.00 _d12.00 _i0143111973 _n0007045503 _sactive |
||
| 938 |
_aBaker and Taylor _bBTCP _nBK0007045503 |
||
| 938 |
_aYBP Library Services _bYANK _n2529706 |
||
| 942 |
_2lcc _cbk |
||
| 994 |
_aC0 _bDRFGD |
||
| 999 |
_c110509 _d110509 |
||